Normal view
MARC view
- Rhodes, Keith.
Entry Personal Name
001 - CONTROL NUMBER
- control field: 59982
003 - CONTROL NUMBER IDENTIFIER
- control field: OSt
005 - DATE AND TIME OF LATEST TRANSACTION
- control field: 20240903125217.0
008 - FIXED-LENGTH DATA ELEMENTS
- fixed length control field: 240903|| aca||aabn | a|a d
040 ## - CATALOGING SOURCE
- Original cataloging agency: OSt
- Transcribing agency: OSt
100 ## - HEADING--PERSONAL NAME
- Personal name: Rhodes, Keith.
- Relator term: author.
670 ## - SOURCE DATA FOUND
- Source citation: Work cat.: (OSt): Rhodes, Keith. author., Feeling it:, December 2019.
